[Event "ch-RUS Blitz 2016"]
[Site "Sochi RUS"]
[Date "2016.10.04"]
[Round "9.6"]
[White "Savchenko, Boris"]
[Black "Moskalenko, Alexander"]
[Result "1-0"]
[WhiteTitle "GM"]
[BlackTitle "IM"]
[WhiteElo "2613"]
[BlackElo "2490"]
[WhiteFideId "4147332"]
[BlackFideId "4155351"]
[EventDate "2016.10.04"]

1. e4 d5 2. exd5 Nf6 3. d4 Bg4 4. f3 Bf5 5. c4 e6 6. dxe6 Nc6 7. g4 Nxg4 8. fxg4
Qh4+ 9. Kd2 Bb4+ 10. Nc3 Qg5+ 11. Ke2 Bxg4+ 12. Nf3 Qh5 13. Bg2 O-O-O 14. Be3
Rhe8 15. h3 Bxe6 16. d5 Bf5 17. Re1 Bc5 18. Kd2 Rxe3 19. Rxe3 Qh6 20. Qg1 Nb4
21. Na4 Bxe3+ 22. Qxe3 Qxe3+ 23. Kxe3 Nc2+ 24. Kf4 Nxa1 25. Kxf5 Nc2 26. Kf4 c6
27. Ne5 f6 28. Nd3 Nd4 29. Nc3 Kc7 30. c5 cxd5 31. Nxd5+ Kb8 32. b4 Re8 33. a4
g5+ 34. Kg3 h5 35. b5 h4+ 36. Kf2 Re2+ 37. Kf1 Ra2 38. Nxf6 Nf5 39. Bf3 Rxa4 40.
Ne5 Ra2 41. b6 axb6 42. cxb6 Rb2 43. Nd5 Nd4 44. Bg4 Nb5 45. Nd7+ Ka8 46. Nc7+
Nxc7 47. bxc7 Rb1+ 48. Ke2 Rc1 49. Nb6+ Ka7 50. c8=Q 1-0

[Event "ch-RUS Blitz 2016"]
[Site "Sochi RUS"]
[Date "2016.10.04"]
[Round "9.7"]
[White "Grachev, Boris"]
[Black "Sychev, Klementy"]
[Result "1-0"]
[WhiteTitle "GM"]
[BlackTitle "IM"]
[WhiteElo "2628"]
[BlackElo "2445"]
[WhiteFideId "4129199"]
[BlackFideId "4114060"]
[EventDate "2016.10.04"]

1. d4 Nf6 2. Nf3 g6 3. Bf4 Bg7 4. e3 O-O 5. h3 c5 6. c3 d6 7. dxc5 dxc5 8. Nbd2
Nc6 9. Qc2 b6 10. Be2 Bb7 11. O-O Qc8 12. Rfd1 Ba6 13. Nc4 Rd8 14. Rxd8+ Nxd8
15. Rd1 Nc6 16. Nfe5 Nxe5 17. Nxe5 Bxe2 18. Qxe2 Qe6 19. Qa6 Qc8 20. Qa4 e6 21.
Nc4 Nd5 1-0

[Event "ch-RUS Blitz 2016"]
[Site "Sochi RUS"]
[Date "2016.10.04"]
[Round "9.8"]
[White "Belyakov, Bogdan"]
[Black "Alekseev, Evgeny"]
[Result "1/2-1/2"]
[WhiteTitle "IM"]
[BlackTitle "GM"]
[WhiteElo "2487"]
[BlackElo "2636"]
[WhiteFideId "24104795"]
[BlackFideId "4138147"]
[EventDate "2016.10.04"]

1. e4 c5 2. c3 d5 3. exd5 Qxd5 4. d4 e6 5. Nf3 Nf6 6. Be2 Be7 7. Na3 O-O 8. Nb5
Ne8 9. dxc5 Qxd1+ 10. Bxd1 Bxc5 11. Bf4 Nc6 12. Be2 a6 13. Nbd4 Nxd4 14. Nxd4
Bd6 15. Bxd6 Nxd6 16. Bf3 e5 17. Nb3 e4 18. Be2 Be6 19. Nc5 Rac8 20. Nxe6 fxe6
21. Rd1 Rc6 22. Rd4 Kf7 23. Bd1 Ke7 24. Bb3 b5 25. Ke2 Rf5 26. Rhd1 h5 27. h4 g5
28. hxg5 Rxg5 29. g3 e3 30. fxe3 1/2-1/2

[Event "ch-RUS Blitz 2016"]
[Site "Sochi RUS"]
[Date "2016.10.04"]
[Round "9.9"]
[White "Bryzgalin, Kirill"]
[Black "Shaposhnikov, Evgeny"]
[Result "1/2-1/2"]
[WhiteTitle "GM"]
[BlackTitle "GM"]
[WhiteElo "2424"]
[BlackElo "2557"]
[WhiteFideId "4133285"]
[BlackFideId "4122232"]
[EventDate "2016.10.04"]

1. c4 c5 2. Nc3 Nc6 3. g3 g6 4. Bg2 Bg7 5. Nf3 Nh6 6. O-O Nf5 7. e3 h5 8. h3 b6
9. b3 Bb7 10. Bb2 d6 11. Rb1 O-O 12. a3 e6 13. Ne2 Bxb2 14. Rxb2 Qe7 15. d4 Rad8
16. Rd2 cxd4 17. e4 Ng7 18. Nexd4 Nxd4 19. Nxd4 a6 20. Re1 e5 21. Nc2 Ne6 22. h4
b5 23. cxb5 axb5 24. Re3 Rd7 25. b4 Qd8 26. Red3 Qa8 27. f3 Qa7+ 28. Kh2 Rc8 29.
Bh3 Re8 30. Rxd6 Rxd6 31. Rxd6 Qf2+ 32. Bg2 Rc8 33. Rd2 Qb6 34. Qg1 Qc6 35. Qf2
Qc3 36. Bf1 Bc6 37. Qe3 Qxe3 38. Nxe3 Nd4 39. Bg2 Be8 40. f4 f6 41. Nd5 Kg7 42.
Kg1 Rc1+ 43. Kf2 Ra1 44. fxe5 fxe5 45. Rd3 Ra2+ 46. Kg1 Bf7 47. Kf1 Kf8 48. Bh3
Bxd5 49. exd5 Ke7 50. g4 Kd6 51. gxh5 gxh5 52. Bg2 Nf5 53. Rf3 Nxh4 54. Rf6+ Ke7
55. Re6+ Kf7 56. Be4 Rxa3 57. Kf2 Rb3 58. Rxe5 Rxb4 59. Ke3 Kf6 60. Rxh5 Ng6 61.
Rh6 Ke5 62. Bxg6 Kxd5 63. Bd3 Rb2 64. Rh5+ Kc6 65. Kd4 Rb4+ 66. Kc3 Rf4 67.
Bxb5+ Kd6 68. Bc4 Kc6 69. Kb4 Kd6 70. Rd5+ Kc6 71. Re5 Rf6 72. Ra5 Kd6 73. Kc3
Ke7 74. Bd5 Rh6 75. Kd4 Rb6 76. Ke5 Kf8 77. Ra7 Rb1 78. Be6 Ke8 79. Kd6 Rb6+ 80.
Kd5 Kd8 81. Rd7+ Kc8 82. Rf7+ Kb8 83. Bd7 Rb1 84. Bc6 Rd1+ 85. Kc5 Rc1+ 86. Kb6
Rb1+ 87. Bb5 Rc1 88. Rf8+ Rc8 89. Rf1 Rc2 90. Rf7 Rc1 91. Rb7+ Kc8 92. Re7 Kb8
93. Re2 Rc3 94. Re1 Rc2 95. Re3 Rc1 96. Bc6 Rb1+ 97. Bb5 Rc1 1/2-1/2

[Event "ch-RUS Blitz 2016"]
[Site "Sochi RUS"]
[Date "2016.10.04"]
[Round "9.10"]
[White "Rozum, Ivan"]
[Black "Matinian, Nikita"]
[Result "1-0"]
[WhiteTitle "GM"]
[BlackTitle "IM"]
[WhiteElo "2590"]
[BlackElo "2495"]
[WhiteFideId "24104272"]
[BlackFideId "24129100"]
[EventDate "2016.10.04"]

1. Nf3 g6 2. g3 Bg7 3. Bg2 e5 4. c4 Nc6 5. Nc3 d6 6. d3 f5 7. Rb1 Nf6 8. Bg5 h6
9. Bxf6 Qxf6 10. Nd2 O-O 11. b4 a6 12. a4 Nd4 13. O-O Rb8 14. b5 axb5 15. cxb5
Be6 16. a5 f4 17. a6 b6 18. e3 f3 19. Bh1 Nf5 20. Bxf3 Ne7 21. Bg2 d5 22. Qc2
Rfd8 23. e4 d4 24. Nd5 Nxd5 25. exd5 Bf5 26. Ne4 Qf7 27. Rfc1 Rdc8 28. Qc6 Bf8
29. a7 Ra8 30. Ra1 Bxe4 31. Bxe4 Bd6 32. Qb7 Kg7 33. Ra6 Qe7 34. Rc6 h5 35. Ra2
Rf8 36. Qa6 Qg5 37. Kg2 h4 38. Qb7 Kh6 39. Rxd6 cxd6 40. Qxb6 Qg4 41. h3 Qg5 42.
g4 Qf4 43. Qxd6 Qc1 44. Qxe5 Rxa7 45. g5+ Kh5 46. Bxg6+ Kxg6 47. Rxa7 Rxf2+ 48.
Kxf2 Qd2+ 49. Qe2 Qf4+ 50. Qf3 Qd2+ 51. Kg1 Qe1+ 52. Kg2 Qd2+ 53. Qf2 Qxg5+ 54.
Kh1 Qc1+ 55. Qg1+ 1-0

[Event "ch-RUS Blitz 2016"]
[Site "Sochi RUS"]
[Date "2016.10.04"]
[Round "9.11"]
[White "Zablotsky, Sergei"]
[Black "Potapov, Pavel"]
[Result "1/2-1/2"]
[WhiteTitle "GM"]
[BlackTitle "GM"]
[WhiteElo "2518"]
[BlackElo "2493"]
[WhiteFideId "4131606"]
[BlackFideId "4169786"]
[EventDate "2016.10.04"]

1. d4 f5 2. c4 Nf6 3. Nc3 d6 4. g3 g6 5. Bg2 Bg7 6. Nf3 O-O 7. O-O c6 8. Qc2 Na6
9. Rd1 Qc7 10. a3 e5 11. b4 e4 12. Ne1 Qf7 13. c5 Be6 14. Rb1 dxc5 15. bxc5 Rad8
16. Bf4 Rfe8 17. e3 Bc4 18. Rb2 Rd7 19. Rc1 Red8 20. Nxe4 Nxe4 21. Qxc4 Qxc4 22.
Rxc4 Nexc5 23. Rb1 Ne6 24. Nd3 Bf8 25. a4 Nxf4 26. gxf4 Bg7 27. Kf1 Re8 28. Bf3
Ree7 29. a5 h6 30. Nc5 Nxc5 31. Rxc5 a6 32. d5 cxd5 33. Rxd5 Rc7 34. Rd6 Kh7 35.
Rdb6 Bc3 36. Rxb7 Bxa5 37. Rxc7 Bxc7 1/2-1/2

[Event "ch-RUS Blitz 2016"]
[Site "Sochi RUS"]
[Date "2016.10.04"]
[Round "9.12"]
[White "Romanov, Evgeny"]
[Black "Yuffa, Daniil"]
[Result "1-0"]
[WhiteTitle "GM"]
[BlackTitle "IM"]
[WhiteElo "2619"]
[BlackElo "2534"]
[WhiteFideId "4148843"]
[BlackFideId "24131423"]
[EventDate "2016.10.04"]

1. e4 e5 2. Nf3 Nc6 3. Bc4 Nf6 4. d3 Bc5 5. c3 O-O 6. O-O d6 7. a4 a6 8. Na3 Ba7
9. Nc2 Ne7 10. Be3 c5 11. Bg5 Ng6 12. Nh4 Nf4 13. Ne3 Ne6 14. Bxf6 Qxf6 15. Nhf5
Qd8 16. Nd5 Kh8 17. Nfe3 Bd7 18. a5 g6 19. Kh1 Kg7 20. f4 exf4 21. Nxf4 Nxf4 22.
Rxf4 Be6 23. Qf3 Bb8 24. Rf1 Bc7 25. Bxe6 fxe6 26. Rf7+ Kg8 27. Ng4 Rxf7 28.
Qxf7+ Kh8 29. Nf6 1-0

[Event "ch-RUS Blitz 2016"]
[Site "Sochi RUS"]
[Date "2016.10.04"]
[Round "9.13"]
[White "Golubov, Saveliy"]
[Black "Vitiugov, Nikita"]
[Result "0-1"]
[WhiteTitle "IM"]
[BlackTitle "GM"]
[WhiteElo "2481"]
[BlackElo "2721"]
[WhiteFideId "24176729"]
[BlackFideId "4152956"]
[EventDate "2016.10.04"]

1. e4 c5 2. Nf3 e6 3. b3 b6 4. Bb2 Bb7 5. Qe2 d6 6. d4 cxd4 7. Nxd4 Nf6 8. Nc3
a6 9. O-O-O Nbd7 10. g4 h6 11. Bg2 Qc7 12. h4 e5 13. Nf5 g6 14. Ne3 Rc8 15. g5
hxg5 16. hxg5 Rxh1 17. Bxh1 Nh5 18. Ned5 Qd8 19. Qe3 b5 20. Kb1 Be7 21. Nxe7
Qxe7 22. Qd2 Nc5 23. Qxd6 Qxd6 24. Rxd6 Nf4 25. Rd1 Nh3 26. Re1 Nxg5 27. Nd5 Nd7
28. Bg2 f6 29. f4 exf4 30. Nxf6+ Nxf6 31. Bxf6 Ne6 32. Bh3 Kf7 33. Be5 Re8 34.
Bxe6+ Rxe6 35. Bxf4 Bxe4 36. Kb2 Kf6 37. Rg1 Rc6 38. c3 Bf5 39. a4 bxa4 40. bxa4
Rc4 41. Bg5+ Ke6 42. Re1+ Kd5 43. a5 Rg4 44. Bf6 Kc4 45. Re2 Rg1 46. Rf2 Rb1+
47. Ka3 Ra1+ 48. Kb2 Rxa5 49. Rf4+ Kd5 50. Bd8 Rc5 51. Ra4 Rc6 52. Ra5+ Kc4 53.
Ra4+ Kd3 54. Rd4+ Ke3 55. Bg5+ Kf3 56. c4 a5 57. Ka3 Be6 58. Ka4 Bxc4 59. Kxa5
Rc5+ 60. Kb4 Rxg5 0-1

[Event "ch-RUS Blitz 2016"]
[Site "Sochi RUS"]
[Date "2016.10.04"]
[Round "9.14"]
[White "Kryakvin, Dmitry"]
[Black "Riazantsev, Alexander"]
[Result "0-1"]
[WhiteTitle "GM"]
[BlackTitle "GM"]
[WhiteElo "2554"]
[BlackElo "2651"]
[WhiteFideId "4153278"]
[BlackFideId "4125029"]
[EventDate "2016.10.04"]

1. d4 Nf6 2. c4 e6 3. Nf3 d5 4. Bg5 h6 5. Bxf6 Qxf6 6. e3 g6 7. Nbd2 Bg7 8. Bd3
O-O 9. O-O Nd7 10. b4 Qe7 11. Qb3 c6 12. a4 Rd8 13. a5 Rb8 14. Rfd1 Bf8 15. b5
cxb5 16. cxb5 Qb4 17. Qa2 Qd6 18. Nb3 Bg7 19. Rac1 e5 20. dxe5 Nxe5 21. Nxe5
Bxe5 22. g3 Bg4 23. Be2 Bxe2 24. Qxe2 Qb4 25. Qd3 a6 26. b6 Rd6 27. Rc7 Kg7 28.
Nc5 Qxa5 29. Rxb7 Rxb6 30. Rxb6 Rxb6 31. Nd7 Re6 32. Nxe5 Rxe5 33. Qd4 f6 34.
Qa7+ Kf8 35. Qh7 Re7 36. Qxg6 Qb6 37. Rxd5 Rf7 38. Qxh6+ Ke7 39. Qf4 Kf8 40. e4
a5 41. Qh6+ Ke7 42. e5 Qb1+ 43. Kg2 Qe4+ 0-1

[Event "ch-RUS Blitz 2016"]
[Site "Sochi RUS"]
[Date "2016.10.04"]
[Round "9.15"]
[White "Rakhmanov, Aleksandr"]
[Black "Usmanov, Vasily"]
[Result "1-0"]
[WhiteTitle "GM"]
[BlackTitle "IM"]
[WhiteElo "2662"]
[BlackElo "2431"]
[WhiteFideId "4173708"]
[BlackFideId "4135741"]
[EventDate "2016.10.04"]

1. c4 e6 2. e4 d5 3. exd5 exd5 4. d4 Nf6 5. Nc3 c6 6. Bd3 dxc4 7. Bxc4 Bd6 8.
Nge2 O-O 9. Bg5 Nbd7 10. Bb3 Re8 11. Qd2 h6 12. Bh4 Nf8 13. f3 Be6 14. Bc2 Bc4
15. O-O Qa5 16. Rfe1 Qh5 17. Bg3 Bxg3 18. Nxg3 Qg5 19. Qxg5 hxg5 20. Nge4 Nxe4
21. Nxe4 Rad8 22. Nxg5 Rxe1+ 23. Rxe1 Ne6 24. Nxe6 Bxe6 25. Rd1 Bxa2 26. b3 c5
27. dxc5 Rxd1+ 28. Bxd1 Kf8 29. Bc2 Ke7 30. Kf2 Ke6 31. Ke3 Kd5 32. Kd3 a5 33.
Kc3 a4 34. b4 a3 35. Be4+ Ke5 36. Bxb7 Bc4 37. g3 g5 38. f4+ gxf4 39. gxf4+ Kxf4
40. c6 Bd5 41. b5 Ke5 42. Ba8 Kd6 43. c7 a2 44. Kb2 Kxc7 45. Bxd5 Kb6 46. Bc4 f5
47. Kxa2 f4 48. Bf1 Kc5 49. Kb3 Kd5 1-0

[Event "ch-RUS Blitz 2016"]
[Site "Sochi RUS"]
[Date "2016.10.04"]
[Round "9.16"]
[White "Chigaev, Maksim"]
[Black "Smagin, Sergey"]
[Result "1-0"]
[WhiteTitle "IM"]
[BlackTitle "GM"]
[WhiteElo "2551"]
[BlackElo "2551"]
[WhiteFideId "4108116"]
[BlackFideId "4100425"]
[EventDate "2016.10.04"]

1. d4 Nf6 2. Nf3 g6 3. Bg5 Bg7 4. Nbd2 O-O 5. e4 d6 6. c3 Nbd7 7. Bc4 e5 8. O-O
h6 9. Bh4 exd4 10. cxd4 g5 11. Bg3 Nh5 12. Re1 Nxg3 13. hxg3 Nb6 14. Bb3 a5 15.
e5 a4 16. Bc2 dxe5 17. dxe5 Re8 18. Re4 Bf5 19. Rd4 Qc8 20. Ne4 g4 21. Nh4 Bxe5
22. Nxf5 Qxf5 23. Nd6 Qe6 24. Rxg4+ Kf8 25. Nxe8 Rxe8 26. Bxa4 Nxa4 27. Rxa4 b5
28. Re4 Qf5 29. Qe2 Re6 30. Re1 c6 31. Rxe5 1-0

[Event "ch-RUS Blitz 2016"]
[Site "Sochi RUS"]
[Date "2016.10.04"]
[Round "9.17"]
[White "Savitskiy, Sergey"]
[Black "Khairullin, Ildar"]
[Result "0-1"]
[WhiteTitle "FM"]
[BlackTitle "GM"]
[WhiteElo "2415"]
[BlackElo "2630"]
[WhiteFideId "24105660"]
[BlackFideId "4151348"]
[EventDate "2016.10.04"]

1. e4 e5 2. Nf3 Nc6 3. Bc4 Bc5 4. O-O d6 5. c3 Nf6 6. d3 a6 7. Bb3 Ba7 8. Nbd2
Ne7 9. h3 Ng6 10. Re1 O-O 11. Nf1 Re8 12. Ng3 Be6 13. Ba4 b5 14. Bc2 c5 15. Be3
d5 16. Bg5 h6 17. Bxf6 Qxf6 18. exd5 Bxd5 19. Ne4 Qd8 20. Bb3 c4 21. dxc4 bxc4
22. Ba4 Re6 23. Qc2 Nf4 24. Rad1 Rg6 0-1

[Event "ch-RUS Blitz 2016"]
[Site "Sochi RUS"]
[Date "2016.10.04"]
[Round "9.18"]
[White "Shcherbakov, Ruslan"]
[Black "Sakaev, Konstantin"]
[Result "0-1"]
[WhiteTitle "GM"]
[BlackTitle "GM"]
[WhiteElo "2516"]
[BlackElo "2594"]
[WhiteFideId "4102240"]
[BlackFideId "4104226"]
[EventDate "2016.10.04"]

1. e4 c5 2. Nf3 d6 3. Bb5+ Nc6 4. O-O Bd7 5. Re1 Nf6 6. h3 a6 7. Bf1 e5 8. c3
Be7 9. d4 O-O 10. d5 Nb8 11. a4 b6 12. Na3 g6 13. Nxe5 dxe5 14. d6 Bc6 15. dxe7
Qxe7 16. Nc4 Nbd7 17. Bh6 Rfd8 18. Qc2 Rab8 19. f3 Nh5 20. Qf2 Nf4 21. g3 Ne6
22. h4 f6 23. Bh3 b5 24. axb5 axb5 25. Ne3 Nb6 26. Ra6 Nc7 27. Ra7 Ra8 28. Rxa8
Rxa8 29. Qc2 Bd7 30. Bg2 Be6 31. f4 Bf7 32. Rf1 Nc4 33. Ng4 Be6 0-1

[Event "ch-RUS Blitz 2016"]
[Site "Sochi RUS"]
[Date "2016.10.04"]
[Round "9.19"]
[White "Sharafiev, Azat"]
[Black "Popov, Ivan RUS"]
[Result "0-1"]
[WhiteTitle "IM"]
[BlackTitle "GM"]
[WhiteElo "2418"]
[BlackElo "2596"]
[WhiteFideId "4186214"]
[BlackFideId "4170350"]
[EventDate "2016.10.04"]

1. c4 e5 2. Nc3 Nf6 3. Nf3 Nc6 4. g3 Bb4 5. Bg2 O-O 6. O-O d6 7. d3 h6 8. Na4
Bc5 9. b3 a5 10. Nxc5 dxc5 11. Bb2 Re8 12. Nd2 Qd6 13. Ne4 Nxe4 14. Bxe4 Bh3 15.
Re1 Rad8 16. Qd2 b6 17. Bc3 Nd4 18. e3 Ne6 19. f4 exf4 20. gxf4 f5 21. Bd5 c6
22. Be5 Qd7 23. Bg2 Bxg2 24. Qxg2 Qxd3 25. Qxc6 Ng5 26. Qg2 Qd2 27. Re2 Qd7 28.
Kh1 Qd1+ 29. Re1 Qh5 30. Bb2 Ne6 31. Be5 Ng5 32. Bb2 Ne6 33. Qf1 Rd2 34. h3 Rxb2
35. Rad1 Rxa2 36. Rd7 Rf8 37. Re7 Rf6 38. Rd1 Rg6 39. Rd6 Nf8 40. Rxg6 Nxg6 41.
Re6 Nh4 0-1

[Event "ch-RUS Blitz 2016"]
[Site "Sochi RUS"]
[Date "2016.10.04"]
[Round "9.20"]
[White "Dreev, Aleksey"]
[Black "Levin, Evgeny A."]
[Result "1/2-1/2"]
[WhiteTitle "GM"]
[BlackTitle "GM"]
[WhiteElo "2660"]
[BlackElo "2505"]
[WhiteFideId "4100107"]
[BlackFideId "4182596"]
[EventDate "2016.10.04"]

1. d4 Nf6 2. Nf3 e6 3. c4 b6 4. a3 g6 5. Nc3 Bb7 6. d5 Bg7 7. e4 exd5 8. cxd5
O-O 9. Bd3 c6 10. d6 Na6 11. O-O Re8 12. Re1 Nc5 13. Bc2 a5 14. e5 Ng4 15. Bf4
f6 16. Qd2 Nxe5 17. Nxe5 fxe5 18. Bg5 Bf6 19. Bh6 Bg7 20. Bg5 Bf6 21. h4 a4 22.
Ne4 Nxe4 23. Bxe4 Ra5 24. Rac1 Bxg5 25. hxg5 Rf8 26. g3 Qe8 27. Rc3 Qe6 28. Kg2
Ba8 29. Rd3 c5 30. Bd5 c4 31. Bxa8 cxd3 32. Be4 Qxd6 33. Bxd3 Kg7 34. Qe3 Qd4
35. Qxd4 exd4 36. Re4 Rxg5 37. Rxd4 Re5 38. Rxd7+ Rf7 39. Rd4 b5 40. f4 Rc5 41.
Kf3 Re7 42. Be4 Rc1 43. Rd5 Rf1+ 44. Kg2 Re1 45. Bf3 R1e3 46. Bd1 Rc7 47. Rxb5
Ra7 48. Rb4 Ree7 49. Bxa4 Reb7 50. Bb5 Rc7 51. a4 Rc2+ 52. Kf3 h5 53. Rb3 Rh2
54. Bc6 h4 55. Kg4 hxg3 56. Kxg3 Rc2 57. Rb6 Re7 58. Bf3 Re3 59. a5 Rd2 60. Rb7+
Kh6 61. a6 Rdd3 62. a7 Rxf3+ 63. Kg2 Rg3+ 64. Kf2 Rgf3+ 65. Kg2 Rg3+ 66. Kf2
Rgf3+ 67. Ke1 1/2-1/2

[Event "ch-RUS Blitz 2016"]
[Site "Sochi RUS"]
[Date "2016.10.04"]
[Round "10.2"]
[White "Artemiev, Vladislav"]
[Black "Matlakov, Maxim"]
[Result "1/2-1/2"]
[WhiteTitle "GM"]
[BlackTitle "GM"]
[WhiteElo "2663"]
[BlackElo "2691"]
[WhiteFideId "24101605"]
[BlackFideId "4168003"]
[EventDate "2016.10.04"]

1. c4 Nf6 2. g3 e5 3. Bg2 d5 4. cxd5 Nxd5 5. Nf3 Nc6 6. O-O Nb6 7. d3 Be7 8. Be3
O-O 9. Nbd2 Nd5 10. Nc4 Nxe3 11. Nxe3 Re8 12. Rc1 Bf8 13. Rxc6 bxc6 14. Qc2 Rb8
15. b3 Bd7 16. Nd2 Rb6 17. Ne4 a5 18. Nc4 Ra6 19. Nb2 Be6 20. Nc5 Bxc5 21. Qxc5
Bd5 22. Rc1 Bxg2 23. Kxg2 Qd5+ 24. Qxd5 cxd5 25. Rxc7 Raa8 26. Na4 Rec8 27. Re7
Re8 28. Rd7 Red8 29. Re7 f6 30. e3 Rac8 31. d4 exd4 32. exd4 Re8 33. Ra7 Rc2 34.
Nc5 Ree2 35. Ra8+ Kf7 36. Ra7+ Kg6 37. Nd3 Kh6 38. Kf3 Red2 39. Ke3 Re2+ 40. Kf3
Rxa2 41. Rd7 g5 42. Rxd5 Kg6 43. g4 Red2 44. Ke3 Re2+ 45. Kf3 Red2 46. Ke3 h5
47. h3 h4 48. Rd6 Rd1 49. Ne5+ Kg7 50. Rd7+ Kg8 51. Rd8+ Kg7 52. Rd7+ Kg8 53.
Rd8+ Kg7 54. Rd7+ Kg8 55. Rd8+ Kg7 56. Rd7+ Kg8 57. Rd8+ Kh7 58. Rd7+ Kg8 59.
Rd8+ Kg7 60. Rd7+ Kg8 61. Rd8+ Kg7 1/2-1/2

[Event "ch-RUS Blitz 2016"]
[Site "Sochi RUS"]
[Date "2016.10.04"]
[Round "10.4"]
[White "Morozevich, Alexander"]
[Black "Bologan, Victor"]
[Result "0-1"]
[WhiteTitle "GM"]
[BlackTitle "GM"]
[WhiteElo "2683"]
[BlackElo "2640"]
[WhiteFideId "4116992"]
[BlackFideId "13900048"]
[EventDate "2016.10.04"]

1. e4 g6 2. d4 Bg7 3. h4 d5 4. e5 c5 5. c3 Nc6 6. h5 Nh6 7. Bb5 Qb6 8. a4 Bd7 9.
Nf3 cxd4 10. cxd4 Bg4 11. Nc3 Rd8 12. a5 Qc7 13. a6 Kf8 14. axb7 Qxb7 15. Qa4
Bd7 16. Qa6 Qxa6 17. Rxa6 Nb4 18. Rxa7 Bg4 19. Bd2 Bxf3 20. gxf3 Nc2+ 21. Kf1
Nxd4 22. f4 Nhf5 23. Bd3 gxh5 24. b4 f6 25. e6 Nd6 26. b5 Nxe6 27. f5 Nc5 28.
Be2 d4 29. Nd5 d3 30. Bf3 Nxb5 31. Ra5 Nd4 32. Bg2 Ncb3 33. Bb4 Nxa5 34. Bxe7+
Kf7 35. Bxd8 Rxd8 36. Ke1 Nab3 37. Rxh5 d2+ 38. Kd1 Rc8 0-1

[Event "ch-RUS Blitz 2016"]
[Site "Sochi RUS"]
[Date "2016.10.04"]
[Round "10.5"]
[White "Pridorozhni, Aleksei"]
[Black "Bocharov, Dmitry"]
[Result "0-1"]
[WhiteTitle "GM"]
[BlackTitle "GM"]
[WhiteElo "2579"]
[BlackElo "2611"]
[WhiteFideId "4127870"]
[BlackFideId "4138716"]
[EventDate "2016.10.04"]

1. e4 c5 2. Nf3 d6 3. Bb5+ Nd7 4. O-O Nf6 5. Re1 a6 6. Bf1 b6 7. c4 Bb7 8. Nc3
e6 9. b3 Be7 10. Bb2 Ne5 11. d3 O-O 12. g3 Qc7 13. Bg2 Rfe8 14. Nh4 Rab8 15. f4
Nc6 16. Nf3 Ba8 17. Qd2 b5 18. Rad1 bxc4 19. dxc4 Nd4 20. Kh1 Nxf3 21. Bxf3 Nd7
22. Bg2 Rbd8 23. Kg1 Nb8 24. Qf2 Nc6 25. g4 Nd4 26. Ne2 e5 27. Nc3 exf4 28. Qxf4
Bf6 29. Qf2 Qe7 30. Rf1 Be5 31. Rd3 g6 32. Bc1 Ne6 33. Kh1 Rf8 34. Bh6 Bg7 35.
Be3 Nd4 36. Nd5 Bxd5 37. cxd5 a5 38. Bd2 Ra8 39. Qg3 a4 40. Bf4 Be5 41. Bxe5
Qxe5 42. Qxe5 dxe5 43. Rc1 axb3 44. axb3 Rfb8 45. h3 Nxb3 46. Rcc3 Nd4 47. Rd2
Rb1+ 48. Kh2 Rab8 49. Rxc5 Nb3 50. Rcc2 Nxd2 51. Rxd2 R8b2 52. Rd3 Rb4 53. g5
R1b3 54. Rd1 Rb2 55. Kg3 Rd4 56. Rxd4 exd4 57. e5 d3 58. Bf3 d2 59. d6 Kf8 0-1

[Event "ch-RUS Blitz 2016"]
[Site "Sochi RUS"]
[Date "2016.10.04"]
[Round "10.6"]
[White "Moskalenko, Alexander"]
[Black "Savchenko, Boris"]
[Result "0-1"]
[WhiteTitle "IM"]
[BlackTitle "GM"]
[WhiteElo "2490"]
[BlackElo "2613"]
[WhiteFideId "4155351"]
[BlackFideId "4147332"]
[EventDate "2016.10.04"]

1. Nf3 d5 2. d4 Nf6 3. Bf4 e6 4. e3 Bd6 5. Bg3 Ne4 6. Bxd6 Nxd6 7. Nbd2 b6 8. c4
Bb7 9. cxd5 Bxd5 10. Qc2 O-O 11. Bd3 h6 12. O-O Nc6 13. a3 Ne7 14. Rac1 Rc8 15.
Ba6 Bb7 16. Bxb7 Nxb7 17. Qa4 a5 18. Rfd1 Qe8 19. Qxe8 Rfxe8 20. Ne5 c5 21. dxc5
Rxc5 22. Rxc5 Nxc5 23. b4 axb4 24. axb4 Na6 25. b5 Nc7 26. Ndc4 Ned5 27. e4 Nc3
28. Rd7 N7xb5 29. Rxf7 Nd4 30. Rd7 b5 31. Nd6 Rb8 32. Nb7 b4 33. Nd8 b3 34. Nd3
b2 35. Nxb2 Rxb2 36. h4 Rd2 37. Re7 Nde2+ 38. Kh2 Rxd8 39. Rxe6 Nd4 40. Ra6 Nxe4
41. f3 Nf6 42. Kg3 Nf5+ 43. Kh3 h5 44. Ra5 g6 45. Ra6 Kg7 46. Ra3 Re8 47. g4
hxg4+ 48. fxg4 Re3+ 49. Rxe3 Nxe3 50. h5 g5 0-1

[Event "ch-RUS Blitz 2016"]
[Site "Sochi RUS"]
[Date "2016.10.04"]
[Round "10.7"]
[White "Sychev, Klementy"]
[Black "Grachev, Boris"]
[Result "1/2-1/2"]
[WhiteTitle "IM"]
[BlackTitle "GM"]
[WhiteElo "2445"]
[BlackElo "2628"]
[WhiteFideId "4114060"]
[BlackFideId "4129199"]
[EventDate "2016.10.04"]

1. d4 d5 2. c4 e6 3. Nf3 Nf6 4. g3 Bb4+ 5. Bd2 Be7 6. Bg2 c6 7. O-O O-O 8. Qc2
Nbd7 9. Rd1 b6 10. Bf4 Bb7 11. Ne5 Nh5 12. Bd2 Nhf6 13. Bf4 Nh5 14. Bd2 Nhf6 15.
cxd5 cxd5 16. Nc6 Bxc6 17. Qxc6 Rc8 18. Qb5 Ne8 19. Qd3 Nd6 20. e3 Qc7 21. Bf1
Ne4 22. Be1 f5 23. f3 Nd6 24. Nc3 Nf6 25. Rac1 Qd7 26. b3 g5 27. Ne2 g4 28. Bg2
gxf3 29. Bxf3 Nde4 30. Nf4 Bd6 31. Kh1 Rxc1 32. Rxc1 Rc8 33. Rc2 Bxf4 34. gxf4
Kf7 35. Qe2 Rxc2 36. Qxc2 Qb5 37. Kg2 Qd7 38. Kf1 Qb5+ 39. Be2 Qd7 40. Bf3 Ng4
41. Qe2 Ngf6 42. a4 Qc7 43. Qd1 Kg6 44. h3 Kf7 45. Kg2 Ke8 46. Kh2 Kf7 47. Kg2
Kf8 48. Kh2 Ke8 49. Kg2 Kf7 1/2-1/2

[Event "ch-RUS Blitz 2016"]
[Site "Sochi RUS"]
[Date "2016.10.04"]
[Round "10.8"]
[White "Alekseev, Evgeny"]
[Black "Belyakov, Bogdan"]
[Result "1-0"]
[WhiteTitle "GM"]
[BlackTitle "IM"]
[WhiteElo "2636"]
[BlackElo "2487"]
[WhiteFideId "4138147"]
[BlackFideId "24104795"]
[EventDate "2016.10.04"]

1. Nf3 Nf6 2. c4 g6 3. g3 Bg7 4. Bg2 O-O 5. O-O c5 6. Nc3 Nc6 7. e3 d6 8. d4 Bf5
9. d5 Na5 10. Qe2 a6 11. e4 Bg4 12. Bd2 Rb8 13. Rac1 Nd7 14. h3 Bxf3 15. Bxf3
Ne5 16. b3 Nxf3+ 17. Qxf3 b5 18. Qd3 bxc4 19. bxc4 Qd7 20. Rb1 Rfc8 21. Kg2 Nb7
22. Qc2 Nd8 23. Rb3 Rb4 24. Ne2 Rb7 25. Rxb7 Qxb7 26. Rb1 Qd7 27. Rb6 Qa7 28.
Qb3 h5 29. a4 Be5 30. Nc1 Kg7 31. Nd3 Bf6 32. a5 Rc7 33. f4 Bd4 34. Bc3 Bxc3 35.
Qxc3+ Kg8 36. e5 Rb7 37. exd6 exd6 38. Qf6 Rd7 39. Rxd6 Rxd6 40. Qxd6 Nb7 41.
Qc7 Qa8 42. Ne5 1-0